000 00988nam a22002657a 4500
001 7592
003 BD-DhEWU
005 20141021150430.0
008 140721t2011 bg ||||g |||| 00| 0 b d
020 _a9789845041607
040 _aBD-DhEWU
_beng
_cBD-DhEWU
_dBD-DhEWU
041 _aben
082 0 4 _222
_a891.44028
_bEMR 2011
100 1 0 _aইমাম, আলী
_gAli Emam
_918610
245 _aরবীন্দ্রনাথ ও সত্যজিৎ /
_cআলী ইমাম
260 _aDhaka :
_bMurdhonno,
_c2011.
300 _a80 p. :
_bill. ;
_c22 cm.
490 _aA series of 151 books on Robindranath Tagore
500 _a A volume in Ranindra-Smarak Granthamala, a series of 151 books on Robindranath Tagore brought out simultaneously on the occasion of his 150th birth anniversary.
526 _aBengali
590 _aShaharima Parvin
653 0 0 _a Bengali literature
653 0 0 _aRabindranath Tagore- Criticism and interpretation
942 _2ddc
_cTEXT
999 _c7592
_d7592